[Event "Espalion Op"]
[Site "Espalion (12)"]
[Date "2018.07.14"]
[Round "1.1"]
[White "Gozzoli, Yannick"]
[Black "Rabier, Jean"]
[Result "1-0"]
[WhiteElo "2587"]
[BlackElo "1732"]
[PlyCount "53"]
[EventDate "2018.07.??"]
[EventType "swiss"]
[EventRounds "9"]
[EventCountry "FRA"]

1. d4 e6 2. Nf3 h6 3. c4 b6 4. a3 d6 5. Nc3 Ne7 6. e4 Bb7 7. h4 Nd7 8. h5 Nf6
9. d5 e5 10. Bd3 Bc8 11. Bc2 Neg8 12. Ba4+ Bd7 13. Nh4 Ne7 14. g3 Qc8 15. Ng2
Kd8 16. Bxd7 Nxd7 17. Ne3 g5 18. b4 Bg7 19. Bd2 a5 20. g4 Nf6 21. f3 axb4 22.
axb4 Kd7 23. c5 bxc5 24. bxc5 dxc5 25. Nc4 Ne8 26. Na4 Nd6 27. Nab6+ 1-0

[Event "Espalion Op"]
[Site "Espalion (12)"]
[Date "2018.07.14"]
[Round "1.2"]
[White "Veschambre, Antoine"]
[Black "Flear, Glenn C"]
[Result "0-1"]
[WhiteElo "1730"]
[BlackElo "2451"]
[PlyCount "38"]
[EventDate "2018.07.??"]
[EventType "swiss"]
[EventRounds "9"]
[EventCountry "FRA"]

1. e4 e5 2. Nf3 Nc6 3. d4 exd4 4. Bc4 Nf6 5. e5 d5 6. Bb5 Ne4 7. Nxd4 Bc5 8.
Be3 Bd7 9. Bxc6 bxc6 10. Nd2 Nxd2 11. Qxd2 Bb6 12. O-O O-O 13. a4 a5 14. Nb3 f6
15. f4 fxe5 16. fxe5 Qg5 17. Rfe1 Rae8 18. Kh1 Bxe3 19. Qxe3 Rf1+ 0-1

[Event "Espalion Op"]
[Site "Espalion (12)"]
[Date "2018.07.14"]
[Round "1.3"]
[White "Kosten, Anthony C"]
[Black "Rinie, Jean-Jacques"]
[Result "1-0"]
[WhiteElo "2439"]
[BlackElo "1654"]
[PlyCount "47"]
[EventDate "2018.07.??"]
[EventType "swiss"]
[EventRounds "9"]
[EventCountry "FRA"]

1. e4 c5 2. Nf3 d6 3. Bb5+ Bd7 4. Bxd7+ Nxd7 5. O-O Ngf6 6. Re1 e6 7. d3 Be7 8.
Nbd2 O-O 9. a4 Re8 10. Nf1 Qc7 11. h3 Rac8 12. Bf4 e5 13. Bg5 a5 14. Ne3 h6 15.
Bxf6 Nxf6 16. Nh2 b6 17. Nhg4 Qd7 18. Nf5 d5 19. Nxe5 Qe6 20. Ng4 dxe4 21. dxe4
Rcd8 22. Qf3 c4 23. Ngxh6+ gxh6 24. Qg3+ 1-0

[Event "Espalion Op"]
[Site "Espalion (12)"]
[Date "2018.07.14"]
[Round "1.4"]
[White "Chazeau, Laineur-Lothaire"]
[Black "Stets, Dmitry"]
[Result "0-1"]
[WhiteElo "1651"]
[BlackElo "2383"]
[PlyCount "54"]
[EventDate "2018.07.??"]
[EventType "swiss"]
[EventRounds "9"]
[EventCountry "FRA"]

1. d4 g6 2. Bf4 Bg7 3. e3 d6 4. Nf3 Nd7 5. h3 Ngf6 6. Be2 O-O 7. O-O b6 8. Nbd2
Bb7 9. c3 Qe8 10. a4 a5 11. Qc2 e5 12. Bh2 Qe7 13. dxe5 Nxe5 14. Nxe5 dxe5 15.
e4 Bh6 16. f3 Nh5 17. Kh1 Qg5 18. Nc4 Ng3+ 19. Bxg3 Qxg3 20. Bd3 Bf4 21. Kg1
Rad8 22. b4 axb4 23. cxb4 Bc8 24. a5 Bxh3 25. Ra2 b5 26. Nb2 Be3+ 27. Kh1 Be6
0-1

[Event "Espalion Op"]
[Site "Espalion (12)"]
[Date "2018.07.14"]
[Round "1.5"]
[White "Kurayan, Ruslan"]
[Black "Herrero, Alain"]
[Result "1-0"]
[WhiteElo "2366"]
[BlackElo "1647"]
[PlyCount "41"]
[EventDate "2018.07.??"]
[EventType "swiss"]
[EventRounds "9"]
[EventCountry "FRA"]

1. e4 c5 2. Nf3 Nc6 3. d4 cxd4 4. Nxd4 g6 5. Nc3 Bg7 6. Be3 Nf6 7. Bc4 O-O 8.
Bb3 d6 9. f3 Bd7 10. h4 h5 11. Qd2 Rc8 12. O-O-O Ne5 13. g4 Nc4 14. Qe2 Nxe3
15. Qxe3 hxg4 16. h5 Nxh5 17. fxg4 Bxg4 18. Rdg1 Qd7 19. Qg5 Be6 20. Nxe6 fxe6
21. Qxg6 1-0

[Event "Espalion Op"]
[Site "Espalion (12)"]
[Date "2018.07.14"]
[Round "1.6"]
[White "Labarthe, Arnaud"]
[Black "Lanzani, Mario"]
[Result "0-1"]
[WhiteElo "1632"]
[BlackElo "2280"]
[PlyCount "36"]
[EventDate "2018.07.??"]
[EventType "swiss"]
[EventRounds "9"]
[EventCountry "FRA"]

1. d4 e6 2. Nc3 d5 3. Nf3 c5 4. e4 cxd4 5. Qxd4 Nc6 6. Bb5 Bd7 7. Bxc6 bxc6 8.
exd5 cxd5 9. O-O Nf6 10. Ne5 Be7 11. f4 Rc8 12. Kh1 Bc5 13. Qd3 O-O 14. Be3 Qc7
15. Rad1 Rfd8 16. Rf3 d4 17. Ne4 Nxe4 18. Qxe4 dxe3 0-1

[Event "Espalion Op"]
[Site "Espalion (12)"]
[Date "2018.07.14"]
[Round "1.7"]
[White "Peter, Sebastien"]
[Black "Callebaut, Giovanni"]
[Result "1-0"]
[WhiteElo "2229"]
[BlackElo "1616"]
[PlyCount "21"]
[EventDate "2018.07.??"]
[EventType "swiss"]
[EventRounds "9"]
[EventCountry "FRA"]

1. e4 d6 2. d4 Nf6 3. Nc3 c6 4. Nf3 Nbd7 5. a4 Qa5 6. Bd2 e5 7. d5 Nc5 8. Bc4
Be7 9. Qe2 Bg4 10. b4 Bxf3 11. gxf3 1-0

[Event "Espalion Op"]
[Site "Espalion (12)"]
[Date "2018.07.14"]
[Round "1.8"]
[White "Baduel, Alain"]
[Black "Carton, Patrick"]
[Result "0-1"]
[WhiteElo "1600"]
[BlackElo "2189"]
[PlyCount "50"]
[EventDate "2018.07.??"]
[EventType "swiss"]
[EventRounds "9"]
[EventCountry "FRA"]

1. e4 c5 2. Nf3 Nc6 3. Nc3 Nf6 4. d4 cxd4 5. Nxd4 d6 6. Be3 Bd7 7. Be2 a6 8.
O-O g6 9. f4 Bg7 10. a3 O-O 11. h3 Rc8 12. g4 Na5 13. e5 Ne8 14. Kg2 Nc4 15.
Bxc4 Rxc4 16. Qd3 dxe5 17. Qxc4 exd4 18. Bxd4 Bc6+ 19. Kg3 Qxd4 20. Qe2 Qc5 21.
Rad1 Nd6 22. Rfe1 Bxc3 23. bxc3 Ne4+ 24. Kh4 g5+ 25. Kh5 gxf4+ 0-1

[Event "Espalion Op"]
[Site "Espalion (12)"]
[Date "2018.07.14"]
[Round "1.9"]
[White "Menard, Baptiste"]
[Black "Boulier, Rene"]
[Result "1-0"]
[WhiteElo "2184"]
[BlackElo "1590"]
[PlyCount "43"]
[EventDate "2018.07.??"]
[EventType "swiss"]
[EventRounds "9"]
[EventCountry "FRA"]

1. e4 e6 2. d4 d5 3. Nc3 Nf6 4. exd5 Nxd5 5. Nf3 Bb4 6. Bd2 Nxc3 7. bxc3 Be7 8.
Bd3 Nd7 9. O-O Nf6 10. c4 b6 11. Re1 Bb7 12. Qe2 Bxf3 13. Qxf3 O-O 14. d5 exd5
15. cxd5 Nxd5 16. Qh3 Nf6 17. Bg5 h6 18. Bxh6 gxh6 19. Qxh6 Re8 20. Re3 Bd6 21.
Rh3 Bxh2+ 22. Kh1 1-0

[Event "Espalion Op"]
[Site "Espalion (12)"]
[Date "2018.07.14"]
[Round "1.10"]
[White "Mourgues, Joelle"]
[Black "Gerard, Nicolas"]
[Result "0-1"]
[WhiteElo "1580"]
[BlackElo "2183"]
[PlyCount "46"]
[EventDate "2018.07.??"]
[EventType "swiss"]
[EventRounds "9"]
[EventCountry "FRA"]

1. Nf3 d5 2. g3 g6 3. d3 Bg7 4. c3 a5 5. Bg2 e5 6. O-O Ne7 7. e4 O-O 8. Qc2
Nbc6 9. Nbd2 h6 10. Nh4 g5 11. exd5 Nxd5 12. Qb3 Be6 13. c4 Ndb4 14. Bxc6 bxc6
15. Ng2 Qxd3 16. Ne3 Rfd8 17. a3 Qxb3 18. Nxb3 Nd3 19. Rb1 f5 20. Bd2 f4 21.
Ng2 e4 22. Nxa5 Ne5 23. gxf4 Nf3+ 0-1

[Event "Espalion Op"]
[Site "Espalion (12)"]
[Date "2018.07.14"]
[Round "1.11"]
[White "Flear, Christine"]
[Black "Deceuninck, Andre"]
[Result "1-0"]
[WhiteElo "2083"]
[BlackElo "1570"]
[PlyCount "37"]
[EventDate "2018.07.??"]
[EventType "swiss"]
[EventRounds "9"]
[EventCountry "FRA"]

1. d4 Nf6 2. Nf3 c5 3. e3 e6 4. Bd3 b6 5. Qe2 d5 6. b3 Be7 7. Nbd2 Nbd7 8. O-O
O-O 9. Bb2 Bb7 10. Ne5 Ne4 11. Rad1 Rc8 12. Bxe4 dxe4 13. Nxd7 Qxd7 14. dxc5
Bxc5 15. Nxe4 Qc6 16. Qg4 e5 17. Bxe5 f6 18. Rd7 Rf7 19. Nxf6+ 1-0

[Event "Espalion Op"]
[Site "Espalion (12)"]
[Date "2018.07.14"]
[Round "1.12"]
[White "Marie, Olivier"]
[Black "Baroyan, Davit"]
[Result "1/2-1/2"]
[WhiteElo "1544"]
[BlackElo "2049"]
[PlyCount "67"]
[EventDate "2018.07.??"]
[EventType "swiss"]
[EventRounds "9"]
[EventCountry "FRA"]

1. e4 c5 2. g3 g6 3. Bg2 Bg7 4. Na3 Nc6 5. c3 e6 6. Qa4 Nge7 7. Ne2 O-O 8. d3
d6 9. h4 Qa5 10. Qxa5 Nxa5 11. h5 a6 12. h6 Bh8 13. Bg5 f6 14. Bd2 b5 15. O-O-O
Rb8 16. b4 Nac6 17. Bf4 e5 18. bxc5 dxc5 19. Be3 Be6 20. Bxc5 Bxa2 21. Bh3 Rfd8
22. c4 b4 23. Be6+ Kf8 24. Rd2 bxa3 25. Rxa2 Rxd3 26. Rxa3 Rxa3 27. Bxa3 Nd8
28. Bd6 Rb3 29. Kc2 Rf3 30. Bc8 Rxf2 31. Kd2 Rf3 32. Ra1 Ndc6 33. Rxa6 Ke8 34.
Bg4 1/2-1/2

[Event "Espalion Op"]
[Site "Espalion (12)"]
[Date "2018.07.14"]
[Round "1.13"]
[White "Larcheveque, Francois"]
[Black "Veschambre, Martin"]
[Result "1-0"]
[WhiteElo "1980"]
[BlackElo "1541"]
[PlyCount "71"]
[EventDate "2018.07.??"]
[EventType "swiss"]
[EventRounds "9"]
[EventCountry "FRA"]

1. d4 d5 2. c4 Nc6 3. Nc3 Nf6 4. Nf3 dxc4 5. d5 Na5 6. Qa4+ c6 7. b4 b5 8. Qxa5
Qxa5 9. bxa5 b4 10. dxc6 bxc3 11. g3 Rb8 12. Bg2 e6 13. O-O Bd6 14. Be3 Rb5 15.
Bxa7 Rxa5 16. Bd4 Ra6 17. Bxc3 Rxc6 18. Nd4 Rb6 19. a4 Nd5 20. a5 Ra6 21. Bxd5
exd5 22. Nb5 O-O 23. Nxd6 Rxd6 24. Bb4 Ra6 25. Bxf8 Kxf8 26. e3 Ke7 27. Rfd1
Ke6 28. Kf1 Ke5 29. Rd4 Bf5 30. Ke1 Kd6 31. Kd2 Kc5 32. Kc3 Be6 33. Rd2 g6 34.
h4 h5 35. Rb2 Kc6 36. Kd4 1-0

[Event "Espalion Op"]
[Site "Espalion (12)"]
[Date "2018.07.14"]
[Round "1.14"]
[White "Duvette, Michel"]
[Black "Grichkevitch, Gilles"]
[Result "0-1"]
[WhiteElo "1520"]
[BlackElo "1964"]
[PlyCount "82"]
[EventDate "2018.07.??"]
[EventType "swiss"]
[EventRounds "9"]
[EventCountry "FRA"]

1. d4 Nf6 2. Bf4 g6 3. e3 Bg7 4. Nf3 d6 5. Be2 Nbd7 6. h3 O-O 7. O-O e6 8. Nbd2
Qe7 9. c3 b6 10. Re1 Bb7 11. Qc2 Rac8 12. Bg3 h6 13. Rad1 Nh5 14. Bh2 f5 15.
Bd3 g5 16. Nf1 g4 17. hxg4 fxg4 18. N3d2 Nhf6 19. Ng3 h5 20. Bg6 h4 21. Nh5 h3
22. Nf4 e5 23. dxe5 dxe5 24. Qb3+ Kh8 25. Ne6 Bd5 26. Nxf8 Bxb3 27. Bf5 Rxf8
28. Nxb3 c5 29. gxh3 gxh3 30. Bxh3 Qf7 31. Re2 Qh5 32. Bf1 Ng4 33. Bg3 Ndf6 34.
e4 Bh6 35. Rde1 Rg8 36. Bg2 Bf4 37. Bf3 Qg5 38. Bg2 Nh5 39. Bh3 Nxf2 40. Rxf2
Qxg3+ 41. Rg2 Qxe1# 0-1

[Event "Espalion Op"]
[Site "Espalion (12)"]
[Date "2018.07.14"]
[Round "1.15"]
[White "Duffau, Pascal"]
[Black "Martinez, Philippe"]
[Result "1-0"]
[WhiteElo "1952"]
[BlackElo "1506"]
[PlyCount "59"]
[EventDate "2018.07.??"]
[EventType "swiss"]
[EventRounds "9"]
[EventCountry "FRA"]

1. Nf3 d5 2. c4 c6 3. e3 Nf6 4. Nc3 Bg4 5. cxd5 Nxd5 6. d4 e6 7. e4 Nf6 8. Be3
Bb4 9. Bd3 Nbd7 10. a3 Ba5 11. b4 Bc7 12. e5 Nd5 13. Nxd5 cxd5 14. Rc1 h6 15.
h3 Bh5 16. g4 Bg6 17. Bxg6 fxg6 18. Qc2 O-O 19. Nd2 Rc8 20. Qxg6 Qe8 21. Qxe8
Rfxe8 22. Ke2 b5 23. f4 g6 24. Rhf1 Bb6 25. Nb3 Rc4 26. Kd3 a6 27. f5 gxf5 28.
gxf5 exf5 29. Rxf5 Rc6 30. Rg1+ 1-0

[Event "Espalion Op"]
[Site "Espalion (12)"]
[Date "2018.07.14"]
[Round "1.16"]
[White "Garde, Guillaume"]
[Black "Pass, Deborah J"]
[Result "0-1"]
[WhiteElo "1405"]
[BlackElo "1951"]
[PlyCount "90"]
[EventDate "2018.07.??"]
[EventType "swiss"]
[EventRounds "9"]
[EventCountry "FRA"]

1. e4 d5 2. exd5 Nf6 3. d4 Nxd5 4. Nf3 g6 5. Bc4 Bg7 6. O-O O-O 7. Bg5 Nb6 8.
Bb3 Nc6 9. c3 h6 10. Bh4 Bf5 11. Re1 Nd5 12. Nbd2 Re8 13. Nc4 g5 14. Bg3 e6 15.
Nfe5 Nxe5 16. Nxe5 Nf6 17. Bc2 Bxc2 18. Qxc2 Qd5 19. Qb3 Qxb3 20. axb3 Nh5 21.
Ra4 Nxg3 22. hxg3 a6 23. Rc4 c6 24. Rb4 f6 25. Nd3 b5 26. d5 exd5 27. Rd4 Rxe1+
28. Nxe1 Re8 29. Kf1 f5 30. Rd2 Re4 31. Nd3 d4 32. Nc5 dxc3 33. bxc3 Re8 34.
Nxa6 Bxc3 35. Re2 Ra8 36. Ra2 c5 37. Nb4 Rd8 38. Nc6 Re8 39. Re2 Kf7 40. Rxe8
Kxe8 41. Na7 b4 42. Nb5 Be5 43. Ke2 Kd7 44. Kd3 Bb8 45. Kc4 Kc6 0-1

[Event "Espalion Op"]
[Site "Espalion (12)"]
[Date "2018.07.14"]
[Round "1.17"]
[White "Lagunes, Jean-Renaud"]
[Black "Auzolle, Laurent"]
[Result "1-0"]
[WhiteElo "1943"]
[BlackElo "1399"]
[PlyCount "79"]
[EventDate "2018.07.??"]
[EventType "swiss"]
[EventRounds "9"]
[EventCountry "FRA"]

1. e4 c5 2. Nf3 e6 3. b3 Nc6 4. Bb2 d6 5. Bb5 Bd7 6. O-O a6 7. Bxc6 Bxc6 8. Qe2
e5 9. a4 Nf6 10. d3 Be7 11. Nbd2 O-O 12. a5 b6 13. axb6 Qxb6 14. Bc3 a5 15. Nc4
Qa6 16. Rxa5 Qb7 17. Rfa1 d5 18. Ncxe5 dxe4 19. Nxc6 Qxc6 20. Ne5 Qb7 21. g3
Nd5 22. Qxe4 Rfb8 23. Rxa8 Rxa8 24. Rxa8+ Qxa8 25. Bb2 Qd8 26. Nc6 Nf6 27.
Nxe7+ Kf8 28. Bxf6 gxf6 29. Nf5 Qe8 30. Qxe8+ Kxe8 31. d4 cxd4 32. Nxd4 Ke7 33.
b4 Kd6 34. c4 Ke5 35. Nf3+ Kd6 36. Kf1 f5 37. Ke2 h6 38. Kd3 Kc6 39. Kd4 h5 40.
b5+ 1-0

[Event "Espalion Op"]
[Site "Espalion (12)"]
[Date "2018.07.14"]
[Round "1.18"]
[White "Garde, Gilles"]
[Black "Flaujac, Benoit"]
[Result "0-1"]
[WhiteElo "1384"]
[BlackElo "1902"]
[PlyCount "70"]
[EventDate "2018.07.??"]
[EventType "swiss"]
[EventRounds "9"]
[EventCountry "FRA"]

1. Nf3 d5 2. g3 Nf6 3. Bg2 c5 4. O-O Nc6 5. d3 e5 6. Bg5 Be7 7. Nbd2 O-O 8. a3
h6 9. Bxf6 Bxf6 10. e4 Be6 11. Qc1 d4 12. b3 Qd7 13. Re1 Bh3 14. Bh1 h5 15. Re2
h4 16. Nf1 Qg4 17. Qe1 Ne7 18. N3d2 Ng6 19. f3 Qg5 20. g4 Nf4 21. Rf2 Be7 22.
a4 Bxg4 23. fxg4 Nh3+ 24. Kg2 Qxg4+ 25. Ng3 Nxf2 26. Qxf2 hxg3 27. hxg3 f5 28.
Qe1 f4 29. Nf1 fxg3 30. Nxg3 Bh4 31. Kh2 Rf6 32. Qg1 Bxg3+ 33. Qxg3 Qh5+ 34.
Qh3 Qe2+ 35. Kg1 Qf2# 0-1

[Event "Espalion Op"]
[Site "Espalion (12)"]
[Date "2018.07.14"]
[Round "1.19"]
[White "Lagunes, Robin"]
[Black "Martin, Gerard"]
[Result "1/2-1/2"]
[WhiteElo "1857"]
[BlackElo "1381"]
[PlyCount "42"]
[EventDate "2018.07.??"]
[EventType "swiss"]
[EventRounds "9"]
[EventCountry "FRA"]

1. e4 e6 2. Nf3 d6 3. d4 a6 4. Nc3 h6 5. Bd3 Ne7 6. O-O Nd7 7. Qe2 g6 8. e5 d5
9. Bd2 Bg7 10. Nd1 b6 11. Ne3 c5 12. c3 Nf5 13. g4 Ne7 14. Kh1 Nf8 15. Ng2 Bd7
16. Bxa6 c4 17. Bxc4 dxc4 18. Qxc4 Bc6 19. Nfe1 Bxe5 20. Nd3 Bd5 21. Qb5+ Bc6
1/2-1/2

[Event "Espalion Op"]
[Site "Espalion (12)"]
[Date "2018.07.14"]
[Round "1.20"]
[White "Daude, Alexandre"]
[Black "Tholey, Jean-Paul"]
[Result "0-1"]
[WhiteElo "1352"]
[BlackElo "1815"]
[PlyCount "96"]
[EventDate "2018.07.??"]
[EventType "swiss"]
[EventRounds "9"]
[EventCountry "FRA"]

1. e4 c5 2. c3 d5 3. exd5 Qxd5 4. Nf3 Nc6 5. Na3 Bf5 6. Bc4 Qe4+ 7. Qe2 e6 8.
Nb5 O-O-O 9. Qxe4 Bxe4 10. Ng5 Bg6 11. O-O Nf6 12. a4 Be7 13. Re1 h6 14. Nf3 a6
15. Na3 Rd7 16. Rd1 Rhd8 17. Ne1 Kc7 18. d3 Na5 19. Bf4+ Bd6 20. Bxd6+ Rxd6 21.
b4 cxb4 22. cxb4 Nxc4 23. Nxc4 Rd4 24. Rac1 Kb8 25. Rc3 b5 26. Na5 Ka8 27. Nc6
Rc8 28. Nxd4 Rxc3 29. axb5 axb5 30. Nxb5 Rb3 31. Ra1+ Kb7 32. Nd6+ Kc6 33. Nc4
Rxb4 34. Ne5+ Kd5 35. Nxg6 fxg6 36. g3 Rb2 37. Nf3 Ng4 38. Ra5+ Kd6 39. Ra6+
Ke7 40. Nd4 Nxf2 41. Rxe6+ Kf7 42. Re3 Nh3+ 43. Kh1 Nf2+ 44. Kg1 Ng4 45. Re2
Rb1+ 46. Kg2 Rd1 47. Re4 Rd2+ 48. Kh3 Nf2+ 0-1

[Event "Espalion Op"]
[Site "Espalion (12)"]
[Date "2018.07.14"]
[Round "1.21"]
[White "Gaubert, Cedric"]
[Black "Bessiere, Alain"]
[Result "1-0"]
[WhiteElo "1797"]
[BlackElo "1330"]
[PlyCount "51"]
[EventDate "2018.07.??"]
[EventType "swiss"]
[EventRounds "9"]
[EventCountry "FRA"]

1. d4 g6 2. Bf4 Bg7 3. e3 c5 4. c3 cxd4 5. cxd4 Qa5+ 6. Nc3 a6 7. Nf3 d6 8. Be2
Nf6 9. O-O O-O 10. h3 Bf5 11. a3 Nbd7 12. Nd2 b5 13. e4 e5 14. Be3 b4 15. axb4
Qxb4 16. exf5 exd4 17. Na2 Qb6 18. Nc4 dxe3 19. Nxb6 exf2+ 20. Rxf2 Nxb6 21.
fxg6 Ne4 22. gxh7+ Kxh7 23. Bd3 d5 24. Nc3 Bd4 25. Bxe4+ Kh8 26. Qxd4+ 1-0

[Event "Espalion Op"]
[Site "Espalion (12)"]
[Date "2018.07.14"]
[Round "1.22"]
[White "Dewilde, Rudi"]
[Black "Joli, Laurent"]
[Result "0-1"]
[WhiteElo "1272"]
[BlackElo "1793"]
[PlyCount "80"]
[EventDate "2018.07.??"]
[EventType "swiss"]
[EventRounds "9"]
[EventCountry "FRA"]

1. d4 Nf6 2. Bf4 g6 3. Nf3 Bg7 4. e3 d6 5. Bd3 O-O 6. Nbd2 a6 7. c3 Nc6 8. O-O
Nh5 9. Re1 e5 10. d5 Ne7 11. Bg3 Nxg3 12. hxg3 Nxd5 13. e4 Ne7 14. Nf1 Be6 15.
Ng5 Bd7 16. Bc4 Be8 17. Ne3 h6 18. Nh3 Bd7 19. f4 Be6 20. Qb3 Bxc4 21. Qxc4 Kh7
22. f5 gxf5 23. exf5 Qd7 24. Rf1 f6 25. Rad1 Rad8 26. g4 c6 27. g3 d5 28. Qe2
Qc7 29. Kf2 Qb6 30. Kg2 c5 31. Rh1 d4 32. Nc4 Qc6+ 33. Kf2 b5 34. Na5 Qc7 35.
Nb3 c4 36. Nc1 d3 37. Qe3 Nd5 38. Ng5+ fxg5 39. Qxg5 Qb6+ 40. Kf3 e4+ 0-1

[Event "Espalion Op"]
[Site "Espalion (12)"]
[Date "2018.07.14"]
[Round "1.23"]
[White "Carno, Matthias"]
[Black "Charlier, Antoine"]
[Result "1-0"]
[WhiteElo "1783"]
[BlackElo "1259"]
[PlyCount "115"]
[EventDate "2018.07.??"]
[EventType "swiss"]
[EventRounds "9"]
[EventCountry "FRA"]

1. e4 d5 2. exd5 Nf6 3. Bb5+ Nbd7 4. c4 a6 5. Ba4 b5 6. cxb5 axb5 7. Bxb5 Nxd5
8. Nc3 Nxc3 9. dxc3 Ra5 10. Bc6 g6 11. Nf3 Bg7 12. O-O O-O 13. Bg5 Nf6 14. Re1
e6 15. Qc2 Qd6 16. Be4 c6 17. Rad1 Qc7 18. b4 Ra3 19. Bc1 Ra8 20. a4 Bd7 21. a5
Nxe4 22. Rxe4 e5 23. Be3 Bf5 24. Bb6 Bxe4 25. Qxe4 Qc8 26. Rd6 f5 27. Qxc6 Qxc6
28. Rxc6 Rac8 29. Rc5 e4 30. Nd4 Bxd4 31. cxd4 Rxc5 32. Bxc5 Rc8 33. a6 Kf7 34.
b5 Ke6 35. b6 Kd7 36. b7 Rxc5 37. b8=N+ Kc7 38. dxc5 Kxb8 39. c6 f4 40. Kf1 g5
41. g4 fxg3 42. fxg3 h5 43. Ke2 h4 44. g4 h3 45. Ke3 Kc7 46. a7 Kxc6 47. a8=Q+
Kd6 48. Kxe4 Kc5 49. Qa4 Kd6 50. Qb5 Ke6 51. Qc6+ Kf7 52. Kf5 Kg7 53. Qd7+ Kh6
54. Qe6+ Kh7 55. Qg6+ Kh8 56. Qxg5 Kh7 57. Kf6 Kh8 58. Qg7# 1-0

[Event "Espalion Op"]
[Site "Espalion (12)"]
[Date "2018.07.14"]
[Round "1.24"]
[White "Callebaut, Katia"]
[Black "Hadamard, Olivier"]
[Result "0-1"]
[WhiteElo "1253"]
[BlackElo "1776"]
[PlyCount "70"]
[EventDate "2018.07.??"]
[EventType "swiss"]
[EventRounds "9"]
[EventCountry "FRA"]

1. e4 e6 2. Nc3 c5 3. Nf3 Nc6 4. d4 cxd4 5. Nxd4 Bc5 6. Nxc6 bxc6 7. Bf4 Qb6 8.
Be3 Bxe3 9. fxe3 Qxb2 10. Na4 Qb4+ 11. c3 Qxe4 12. Qd4 Qxd4 13. cxd4 Nf6 14.
Bd3 O-O 15. e4 Rb8 16. Nc5 Rb4 17. e5 Nd5 18. Nb3 Nf4 19. Be4 Ba6 20. Kd2 Bc4
21. Kc3 Rfb8 22. Rhd1 Ne2+ 23. Kc2 Bxb3+ 24. axb3 Nxd4+ 25. Kc3 Ne2+ 26. Kc2
Rxe4 27. Rxd7 Rxe5 28. Raxa7 Rf8 29. b4 Nf4 30. Kc3 Nd5+ 31. Kd4 Re2 32. Rdb7
Rxg2 33. h3 Rg3 34. Kc5 Rc3+ 35. Kd6 Rc4 0-1

[Event "Espalion Op"]
[Site "Espalion (12)"]
[Date "2018.07.14"]
[Round "1.25"]
[White "Martinez, Felicien"]
[Black "Sanchez, Corentin"]
[Result "1-0"]
[WhiteElo "1766"]
[BlackElo "1199"]
[PlyCount "49"]
[EventDate "2018.07.??"]
[EventType "swiss"]
[EventRounds "9"]
[EventCountry "FRA"]

1. e4 e5 2. Nf3 Nc6 3. Bc4 Bb4 4. c3 Bc5 5. d3 Nf6 6. O-O O-O 7. a4 d6 8. b4
Bb6 9. a5 Bxf2+ 10. Rxf2 Bg4 11. Bg5 Bxf3 12. Qxf3 h6 13. Bxf6 gxf6 14. Qxf6
Qxf6 15. Rxf6 Kg7 16. Rf3 Nd8 17. Nd2 a6 18. Raf1 b5 19. Bb3 Rc8 20. Rg3+ Kh8
21. Rf6 Kh7 22. Nf3 c5 23. Nh4 cxb4 24. Nf5 Rc7 25. Rxh6# 1-0

[Event "Espalion Op"]
[Site "Espalion (12)"]
[Date "2018.07.14"]
[Round "1.26"]
[White "Vandekerckhove, Stefaan"]
[Black "Verat-Fayolle, Celian"]
[Result "0-1"]
[WhiteElo "1172"]
[BlackElo "1759"]
[PlyCount "60"]
[EventDate "2018.07.??"]
[EventType "swiss"]
[EventRounds "9"]
[EventCountry "FRA"]

1. d4 d5 2. Nf3 c5 3. e3 Nc6 4. c3 Bg4 5. Nbd2 e6 6. Bb5 Bd6 7. Bxc6+ bxc6 8.
b3 Nf6 9. Qc2 Bf5 10. Qd1 Bd3 11. Ne5 Bxe5 12. dxe5 Nd7 13. Nf3 c4 14. b4 O-O
15. a3 Qc7 16. Ra2 Nxe5 17. Nxe5 Qxe5 18. Bb2 f5 19. Kd2 f4 20. Qe1 Rf5 21. f3
Rg5 22. Rg1 Rf8 23. Ra1 Rf6 24. Qf2 Rfg6 25. Rae1 fxe3+ 26. Rxe3 Qxh2 27. Kc1
Rxg2 28. Rxg2 Rxg2 29. Qe1 Rxb2 30. Rxe6 Rb1# 0-1

[Event "Espalion Op"]
[Site "Espalion (12)"]
[Date "2018.07.14"]
[Round "1.27"]
[White "Griggio, Jean-Paul"]
[Black "Antos, Claude"]
[Result "1-0"]
[WhiteElo "1752"]
[BlackElo "1100"]
[PlyCount "51"]
[EventDate "2018.07.??"]
[EventType "swiss"]
[EventRounds "9"]
[EventCountry "FRA"]

1. d4 d5 2. Nf3 Bf5 3. Nbd2 e6 4. h3 Nc6 5. a3 b5 6. e3 b4 7. Bb5 Qd7 8. Ne5
Qd6 9. Bxc6+ Kd8 10. Bxa8 Qe7 11. Nc6+ Kd7 12. Nxe7 Bxe7 13. axb4 Bxb4 14. Rxa7
g6 15. O-O h5 16. e4 dxe4 17. Nxe4 Be7 18. Bf4 e5 19. dxe5+ Kc8 20. Qd5 Bxe4
21. Qxe4 f6 22. e6 f5 23. Qb7+ Kd8 24. Rd1+ Bd6 25. Qxc7+ Ke8 26. Qc8# 1-0

[Event "Espalion Op"]
[Site "Espalion (12)"]
[Date "2018.07.14"]
[Round "1.28"]
[White "Muller-Moingt, Bastien"]
[Black "Malart, Jacques"]
[Result "0-1"]
[WhiteElo "1007"]
[BlackElo "1735"]
[PlyCount "124"]
[EventDate "2018.07.??"]
[EventType "swiss"]
[EventRounds "9"]
[EventCountry "FRA"]

1. e4 e5 2. Nf3 Nc6 3. Bc4 Nf6 4. d3 h6 5. O-O Bc5 6. Re1 d6 7. h3 Na5 8. Bb3
Nxb3 9. axb3 c6 10. Nbd2 O-O 11. Nf1 Qb6 12. Qe2 Be6 13. Ng3 Rfe8 14. Bd2 Bb4
15. Bxb4 (15. c3 $18) 15... Qxb4 16. Rad1 a5 17. d4 exd4 18. Nxd4 d5 19. Nxe6
Rxe6 20. e5 Rae8 21. Qf3 Rxe5 22. Rxe5 Rxe5 23. Qc3 Qxc3 24. bxc3 Ne8 25. Ra1
b6 26. b4 axb4 27. cxb4 c5 28. Ra6 Re6 29. bxc5 bxc5 30. Rxe6 fxe6 31. Kf1 g6
32. Ke2 Nd6 33. Ke3 Kf7 34. f4 Nf5+ 35. Nxf5 gxf5 36. Kf3 Kf6 37. Ke3 e5 38.
fxe5+ Kxe5 39. g3 h5 40. h4 d4+ 41. Kd3 Kd5 42. c4+ dxc3 43. Kxc3 c4 44. Kd2
Kd4 45. Kc2 Ke3 46. Kc3 Kf3 47. Kxc4 Kxg3 48. Kd3 f4 49. Ke2 Kg2 50. Ke1 f3 51.
Kd2 f2 52. Ke3 f1=Q 53. Ke4 Qf3+ 54. Ke5 Kg3 55. Ke6 Qf4 56. Ke7 Qf5 57. Ke8
Qh7 58. Kd8 Kf4 59. Kc8 Ke5 60. Kb8 Kd6 61. Ka8 Kc6 62. Kb8 Qb7# 0-1

[Event "Espalion Op"]
[Site "Espalion (12)"]
[Date "2018.07.15"]
[Round "2.1"]
[White "Pass, Deborah J"]
[Black "Gozzoli, Yannick"]
[Result "0-1"]
[WhiteElo "1951"]
[BlackElo "2587"]
[PlyCount "62"]
[EventDate "2018.07.??"]
[EventType "swiss"]
[EventRounds "9"]
[EventCountry "FRA"]

1. e4 Nf6 2. e5 Nd5 3. Bc4 Nb6 4. Bb3 d6 5. Nf3 Bf5 6. Nd4 e6 7. Nxf5 exf5 8.
exd6 Bxd6 9. Qe2+ Qe7 10. Qxe7+ Kxe7 11. d4 Re8 12. O-O N8d7 13. Nd2 a5 14. c3
a4 15. Bc2 Kf6 16. Nf3 h6 17. Bd2 Nc4 18. Bc1 b5 19. Nh4 g6 20. Nf3 Kg7 21. Bd3
Ndb6 22. Rb1 c6 23. b3 Na3 24. Bxa3 Bxa3 25. Ne5 Nd5 26. b4 Rxe5 27. dxe5 Nxc3
28. Rfe1 Rd8 29. Be2 Rd2 30. Bf3 Rc2 31. Bd1 Rxa2 0-1

[Event "Espalion Op"]
[Site "Espalion (12)"]
[Date "2018.07.15"]
[Round "2.2"]
[White "Flear, Glenn C"]
[Black "Duffau, Pascal"]
[Result "1-0"]
[WhiteElo "2451"]
[BlackElo "1952"]
[PlyCount "41"]
[EventDate "2018.07.??"]
[EventType "swiss"]
[EventRounds "9"]
[EventCountry "FRA"]

1. d4 Nf6 2. c4 e6 3. Nc3 d5 4. cxd5 exd5 5. Bg5 Be7 6. e3 Nbd7 7. Bd3 O-O 8.
Nf3 c6 9. Qc2 Re8 10. O-O Nf8 11. Rae1 g6 12. Ne5 Ne6 13. f4 Ng7 14. h3 Bf5 15.
g4 Bxd3 16. Qxd3 Nd7 17. Bxe7 Rxe7 18. e4 dxe4 19. Nxe4 f6 20. Qc4+ Kf8 21. Ng5
1-0